000 00437nam a2200181Ia 4500
008 210210b1962 xxu||||| |||| 00| 0 eng d
041 _aeng
082 _a320/30
100 _aBAINS (J S)
245 _aIndias international disputes
260 _aBombay
_bAsia Publishing House
_c1962
300 _avii,219
650 _ainternational
650 _aIndias
650 _adisputes
690 _aPolitical Science
906 _a001789
999 _c116642
_d116642